Statistics for Викторина по элементам таблицы Менделеева

Click here to take the quiz!

General Stats

  • This quiz has been taken 2 556 times
  • The average score is 37 of 118

Answer Stats

#SymbolElement% Correct
1Hводород
94%
8Oкислород
90%
79Auзолото
84%
26Feжелезо
79%
19Kкалий
77%
47Agсеребро
75%
2HeГелий
74%
20Caкальций
74%
29Cuмедь
70%
7Nазот
70%
6Cуглерод
70%
12Mgмагний
67%
11Naнатрий
66%
16Sсера
66%
17Clхлор
66%
3Liлитий
65%
5Bбор
63%
13Alалюминий
61%
9Fфтор
59%
35Brбром
59%
92Uуран
56%
53Iйод
55%
30Znцинк
54%
15Pфосфор
54%
80Hgртуть
52%
25Mnмарганец
51%
107Bhбарий
50%
56Baбарий
50%
14Siкремний
49%
4Beбериллий
47%
10Neнеон
47%
87Frфранций
47%
32Geгерманий
46%
82Pbсвинец
45%
50Snолово
42%
22Tiтитан
41%
18Arаргон
41%
24Crхром
40%
78Ptплатина
39%
88Raрадий
38%
28Niникель
36%
94Puплутоний
35%
33Asмышьяк
35%
74Wвольфрам
34%
55Csцезий
33%
54Xeксенон
32%
37Rbрубидий
30%
101Mdменделевий
29%
27Coкобальт
29%
38Srстронций
29%
99Esэйнштейний
28%
31Gaгаллий
27%
36Krкриптон
27%
34Seселен
26%
115Mcмосковий
25%
46Pdпалладий
24%
86Rnрадон
24%
98Cfкалифорний
23%
84Poполоний
22%
49Inиндий
22%
42Moмолибден
21%
51Sbсурьма
21%
85Atастат
21%
93Npнептуний
21%
77Irиридий
20%
21Scскандий
20%
57Laлантан
20%
52Teтеллур
19%
89Acактиний
18%
48Cdкадмий
18%
40Zrцирконий
18%
23Vваннадий
17%
83Biвисмут
17%
76Osосмий
17%
105Dbдубний
17%
39Yитрий
16%
81Tlталлий
16%
45Rhродий
16%
44Ruрутений
16%
96Cmкюрий
16%
63Euевропий
16%
90Thторий
15%
43Tcтехнеций
15%
95Amамериций
14%
118Ogоганесон
14%
73Taтантал
14%
62Smсамарий
13%
72Hfгафний
13%
41Nbниобий
13%
104Rfрезерфордий
13%
102Noнобелий
12%
75Reрений
11%
69Tmтулий
10%
110Dsдармштадтий
10%
58Ceцерий
10%
68Erэрбий
8%
70Ybиттербий
8%
71Luлютеций
8%
113Nhнихоний
8%
108Hsхассий
8%
59Prпразеодим
8%
106Sgсиборгий
8%
91Paпротактиний
8%
100Fmфермий
8%
60Ndнеодим
8%
103Lrлоуренсий
7%
67Hoгольмий
7%
64Gdгадолиний
7%
109Mtмейтнерий
7%
97Bkберклий
7%
111Rgрентгений
7%
112Cnкоперниций
7%
65Tbтербий
7%
61Pmпрометий
6%
114Flфлеровий
6%
66Dyдиспрозий
6%
116Lvливерморий
6%
117Tsтеннессин
6%

Score Distribution

Percentile by Number Answered

Percent of People with Each Score

Your Score History

You have not taken this quiz